Представление документа в формате MARC21

Поле Инд. ПП Название Значение
Тип записи a
Библиографический уровень m
001 Контрольный номер c6297709-e2e1-41fc-bacc-3a77a42f8253
005 Дата корректировки 20210324143257.7
008 Кодируемые данные 001013 d
020 a ISBN 5-7331-0002-8
c Цена, тираж 108.00
040 a Служба первич. каталог. НБ ТвГУ
041 0_ a Код языка текста rus
080 a Индекс УДК 821.161.1.09
a Индекс УДК 929Достоевский
084 a Индекс другой классификации/Индекс ББК Ш5(2=411.2)52-4Достоевский Ф.М.1
090 x Авторский знак Л52
a Полочн. индекс Ш5(2=411.2)
245 10 a Заглавие Летопись жизни и творчества Ф. М. Достоевского. 1821-1881
n Номер части/ раздела Т.3
p Название части/ раздела 1875-1881
b Продолж. заглавия в 3 т.
c Ответственность [Ин-т рус. лит. (Пушкин. Дом) Рос. акад. наук ; сост.: А. В. Архипова и др.]
260 0_ a Место издания СПб.
b Издательство Академический проект
c Дата издания 1999
300 a Объем 614 с.
504 a Библиография Указ. имен: с. 577-610. - Указ. произведений: с. 611-612.
583 a Действие Получение впервые 273 19.09.2005
k Исполнитель действия Дар б-ки им. Горького
650 04 a Основная рубрика Достоевский, Федор Михайлович, о нем
650 04 a Основная рубрика Русская литература
x Основная подрубрика История
y Хронологическая подрубрика 19 в.
653 0_ a Ключевые слова Русская литература
a Ключевые слова Достоевский Федор Михайлович
a Ключевые слова Писатели
a Ключевые слова Русские писатели
a Ключевые слова Персоналии
a Ключевые слова 19 в.
700 1_ a Другие авторы Архипова А. В.
e Роль лиц сост.
700 1_ a Другие авторы Битюгова И. А.
e Роль лиц сост.
700 1_ a Другие авторы Буданова Н. В.
e Роль лиц сост. ред.
700 1_ a Другие авторы Фридлендер Г. М.
e Роль лиц ред.
852 41 t Порядковый номер экземпляра 1
p Инвентарный номер 819115
863 t 00110987
888 a Бесплатные
901 t Тип документа m
930 a Новая/Ретро персоналии
952 p 273.2005 108.00 1 819115
c Вид литературы К рн
954 a Дата поступления на обработку 20050921
999 a Подразделение 2 аб.